000 00820nam a2200289Ia 4500
003 SMC
005 20170131153119.0
008 160418s9999 xx 000 0 und d
020 _a971-8686-35-5
050 _aREF GN 671.P5
050 _b.C67 2002
100 _aCoronel, Sheila S.
245 _aMemory of dances /
245 _cSheila S. Coronel.
260 _aManila :
260 _bPhilippine center for investigate journalism,
260 _c2002
300 _a139 pages :
300 _billustrations ;
300 _c23 cm.
500 _aIncludes bibliographical references.
650 _aFolk dancing -- Philippines -- Pictorial works.
650 _aIlongots -- Social conditions.
650 _xManobos -- Social conditions.
650 _xTagabanuas -- Social conditions.
942 _2lcc
_cBK
999 _c293375
_d293375